Statistics for Mapa států Afriky

Click here to take the quiz!

General Stats

  • This quiz has been taken 354 times
  • The average score is 27 of 54

Answers on the Map

Answers color-coded by a green-red scale on the quiz's map according to % correct below.
 

Answer Stats

Answer% Correct
Alžírsko
85%
Egypt
85%
Tunisko
83%
Maroko
82%
Libye
77%
Jihoafrická
republika
75%
Madagaskar
75%
Somálsko
70%
Etiopie
66%
Súdán
66%
Dem. rep. Kongo
65%
Čad
64%
Jižní Súdán
61%
Středoafrická
republika
60%
Eritrea
56%
Keňa
55%
Tanzanie
54%
Niger
53%
Angola
52%
Lesotho
50%
Namibie
50%
Džibutsko
49%
Kapverdy
49%
Mosambik
49%
Nigérie
49%
Svatý Tomáš a
Princův ostrov
49%
Mali
48%
Svazijsko
48%
Rovníková Guinea
45%
Togo
45%
Uganda
45%
Kamerun
44%
Mauritánie
44%
Rep. Kongo
44%
Senegal
44%
Seychely
44%
Botswana
43%
Mauricius
43%
Zimbabwe
43%
Malawi
41%
Rwanda
39%
Benin
38%
Komory
38%
Burundi
37%
Pobřeží slonoviny
37%
Zambie
36%
Burkina Faso
35%
Gabon
33%
Ghana
32%
Libérie
32%
Guinea-Bissau
31%
Sierra Leone
31%
Gambie
30%
Guinea
26%

Score Distribution

Percentile by Number Answered

Percent of People with Each Score

Your Score History

You have not taken this quiz